[Event "DEM U12 2012"]
[Site "Oberhof GER"]
[Date "2012.06.02"]
[Round "11"]
[White "Ovsepyan, Arshak"]
[Black "Lagunow, Raphael"]
[Result "1/2-1/2"]
[Termination "normal"]
[Board "1"]
[WhiteElo "1951"]
[BlackElo "1860"]
[PlyCount "99"]
[WhiteFideId "24690236"]
[BlackFideId "24652644"]
[EventCountry "GER"]
[EventRounds "11"]
[EventType "swiss"]
[EventDate "2012.05.26"]

1. d4 Nf6 2. Nf3 g6 3. c4 c5 4. d5 b5 5. Nc3 b4 6. Nb1 d6 7. b3 Bg7 8. Bb2 O-O
9. Nbd2 e5 10. e4 Nh5 11. Ng1 Qe8 12. Be2 Nf4 13. g3 Nxe2 14. Qxe2 f5 15. f3
Nd7 16. Nh3 Nf6 17. Nf2 Bh6 18. Bc1 a5 19. O-O Ra7 20. exf5 gxf5 21. Nde4 Nxe4
22. Nxe4 Qg6 23. Bxh6 Qxh6 24. Qd2 Qg6 25. Nf2 Rg7 26. f4 Qh6 27. Nd1 Qf6 28.
Nf2 e4 29. Rae1 h5 30. Nh3 Ra7 31. Ng5 a4 32. Qe2 Qg6 33. Ra1 Bd7 34. Qb2 Rfa8
35. a3 axb3 36. axb4 Rxa1 37. Rxa1 Rxa1+ 38. Qxa1 cxb4 39. Qa5 Qf6 40. Qxb4 b2
41. Qb8+ Kg7 42. Qb7 Kh6 43. Kg2 Qg7 44. Qb6 Qf6 45. Qb7 Qg7 46. Qb8 Qf6 47.
Qg8 Qg7 48. Qb8 Qf6 49. Qg8 Qg7 50. Qb8 1/2-1/2

[Event "DEM U12 2012"]
[Site "Oberhof GER"]
[Date "2012.06.02"]
[Round "11"]
[White "Dürr, Florian"]
[Black "Kitze, Alexander"]
[Result "1/2-1/2"]
[Termination "normal"]
[Board "2"]
[WhiteElo "1934"]
[BlackElo "1811"]
[PlyCount "75"]
[WhiteFideId "24659134"]
[BlackFideId "12914827"]
[EventCountry "GER"]
[EventRounds "11"]
[EventType "swiss"]
[EventDate "2012.05.26"]

1. e4 c5 2. Nf3 d6 3. d4 cxd4 4. Nxd4 Nf6 5. Nc3 a6 6. Bg5 Nbd7 7. f4 e5 8. Nf5
Qb6 9. Qd2 Qxb2 10. Rd1 Qb4 11. a3 Qa5 12. fxe5 dxe5 13. Bc4 h6 14. Bxf6 Nxf6
15. Nd5 Qxd2+ 16. Rxd2 Nxd5 17. Rxd5 f6 18. Nd6+ Bxd6 19. Rxd6 Ke7 20. Rb6 Rd8
21. Bd5 Rd6 22. Rb3 Rb8 23. c4 Be6 24. Ke2 f5 25. Bxe6 Kxe6 26. Rhb1 Rbd8 27.
Rb6 R8d7 28. c5 Rc6 29. exf5+ Kxf5 30. Rxc6 bxc6 31. Rb6 Rc7 32. Ke3 e4 33.
Rxa6 Ke5 34. a4 Kd5 35. a5 Re7 36. Ra8 Kxc5 37. Rc8 Kd6 38. Rd8+ 1/2-1/2

[Event "DEM U12 2012"]
[Site "Oberhof GER"]
[Date "2012.06.02"]
[Round "11"]
[White "Vogel, Roven"]
[Black "Höglauer, Patrick"]
[Result "1-0"]
[Termination "normal"]
[Board "3"]
[WhiteElo "1944"]
[BlackElo "1847"]
[PlyCount "47"]
[WhiteFideId "12908088"]
[BlackFideId "1270548"]
[EventCountry "GER"]
[EventRounds "11"]
[EventType "swiss"]
[EventDate "2012.05.26"]

1. e4 c5 2. Nf3 e6 3. c4 Nc6 4. Nc3 Nf6 5. Be2 d5 6. exd5 exd5 7. d4 Be6 8. Be3
cxd4 9. Nxd4 Nxd4 10. Bxd4 dxc4 11. Qa4+ Bd7 12. Qxc4 Be7 13. Rd1 O-O 14. Bf3
Rc8 15. Qb3 b6 16. O-O Qc7 17. Rfe1 Be6 18. Qa4 Rfd8 19. Nb5 Qf4 20. Qxa7 Rd7
21. Qa6 Rcd8 22. Qxb6 Bd6 23. Nxd6 Rxd6 24. Be3 1-0

[Event "DEM U12 2012"]
[Site "Oberhof GER"]
[Date "2012.06.02"]
[Round "11"]
[White "Graf, Clara Victoria"]
[Black "Schmidek, Emil"]
[Result "0-1"]
[Termination "normal"]
[Board "4"]
[WhiteElo "1727"]
[BlackElo "1800"]
[PlyCount "58"]
[WhiteFideId "1270339"]
[BlackFideId "12908150"]
[EventCountry "GER"]
[EventRounds "11"]
[EventType "swiss"]
[EventDate "2012.05.26"]

1. e4 e5 2. Nf3 Nc6 3. Bb5 a6 4. Bxc6 dxc6 5. O-O Bg4 6. h3 h5 7. d3 Qf6 8. Be3
Bxf3 9. Qxf3 Qxf3 10. gxf3 Bd6 11. Nd2 Ne7 12. Nc4 Ng6 13. Rfd1 f6 14. c3 O-O-O
15. d4 Rhe8 16. Kf1 Nh4 17. Ke2 Rd7 18. dxe5 fxe5 19. Bg5 Ng6 20. Rxd6 cxd6 21.
Nb6+ Kc7 22. Nxd7 Kxd7 23. Ke3 Nf8 24. f4 Ne6 25. Rg1 Nc5 26. f3 Na4 27. Rg2
Nb6 28. b3 exf4+ 29. Bxf4 Nd5+ 0-1

[Event "DEM U12 2012"]
[Site "Oberhof GER"]
[Date "2012.06.02"]
[Round "11"]
[White "Bergauz, Noam"]
[Black "Pallas, Sebastian"]
[Result "0-1"]
[Termination "normal"]
[Board "6"]
[WhiteElo "1865"]
[BlackElo "1793"]
[PlyCount "72"]
[WhiteFideId "12938033"]
[BlackFideId "12905453"]
[EventCountry "GER"]
[EventRounds "11"]
[EventType "swiss"]
[EventDate "2012.05.26"]

1. e4 c5 2. Nf3 d6 3. d4 cxd4 4. Nxd4 Nf6 5. Nc3 a6 6. f3 e6 7. Be3 h5 8. Qd2
Qc7 9. O-O-O Nbd7 10. h3 Be7 11. Bd3 h4 12. Rhg1 b5 13. Bg5 Bb7 14. Rge1 Rc8
15. f4 b4 16. Na4 Nc5 17. Nxc5 dxc5 18. Bxf6 gxf6 19. Nf3 c4 20. Bf1 c3 21. Qd3
O-O 22. Kb1 Rfd8 23. Qe3 Bc5 24. Rxd8+ Rxd8 25. Qc1 a5 26. f5 cxb2 27. Qh6 Bxe4
28. Rxe4 Rd1+ 29. Kxb2 Bd4+ 30. Kb3 Rb1+ 31. Ka4 Qxc2+ 32. Kxa5 Qc5+ 33. Ka4
Qa7+ 34. Kb5 Qb6+ 35. Ka4 Qc6+ 36. Ka5 Bb6+ 0-1

[Event "DEM U12 2012"]
[Site "Oberhof GER"]
[Date "2012.06.02"]
[Round "11"]
[White "Balazs, Balint"]
[Black "Poghosyan, Tigran"]
[Result "1/2-1/2"]
[Termination "normal"]
[Board "7"]
[WhiteElo "1758"]
[BlackElo "1860"]
[PlyCount "98"]
[WhiteFideId "12922757"]
[BlackFideId "12909319"]
[EventCountry "GER"]
[EventRounds "11"]
[EventType "swiss"]
[EventDate "2012.05.26"]

1. e4 c5 2. Nc3 Nc6 3. Bb5 Nd4 4. Ba4 a6 5. d3 e6 6. Nge2 Nxe2 7. Qxe2 b5 8.
Bb3 d6 9. O-O Be7 10. a4 b4 11. Nd1 Nf6 12. Ne3 O-O 13. f4 Re8 14. f5 Bf8 15.
fxe6 Bxe6 16. Bxe6 fxe6 17. Qf3 Ra7 18. Ng4 Nxg4 19. Qxg4 Qd7 20. Bg5 e5 21.
Qg3 Qe6 22. Rf2 Rf7 23. Raf1 Rxf2 24. Rxf2 Be7 25. Be3 Bf6 26. b3 a5 27. Bg5
Rf8 28. Bxf6 Rxf6 29. Rxf6 Qxf6 30. Qg4 h6 31. Qc8+ Kh7 32. Qg4 Kg8 33. g3 Kh7
34. Kg2 Qe7 35. Qf5+ g6 36. Qg4 Kg7 37. h4 h5 38. Qc8 Kh7 39. Qa8 Qc7 40. Qf8
Qd7 41. Qf6 Qc7 42. Qe6 Kg7 43. Qe8 Kh7 44. Qe6 Kg7 45. Kh3 Kh7 46. g4 Kg7 47.
Kg3 Qf7 48. Qxf7+ Kxf7 49. gxh5 gxh5 1/2-1/2

[Event "DEM U12 2012"]
[Site "Oberhof GER"]
[Date "2012.06.02"]
[Round "11"]
[White "Fieberg, Samuel"]
[Black "Moses, Selina"]
[Result "1-0"]
[Termination "normal"]
[Board "8"]
[WhiteElo "1872"]
[BlackElo "1677"]
[PlyCount "67"]
[WhiteFideId "12901717"]
[BlackFideId "12908070"]
[EventCountry "GER"]
[EventRounds "11"]
[EventType "swiss"]
[EventDate "2012.05.26"]

1. e4 c5 2. Nf3 d6 3. d4 cxd4 4. Nxd4 Nf6 5. Nc3 a6 6. Be2 e6 7. O-O Qc7 8. Be3
b5 9. a3 Bb7 10. f3 Be7 11. Qe1 d5 12. exd5 Nxd5 13. Nxd5 Bxd5 14. f4 O-O 15.
Qg3 g6 16. Bf3 Bxf3 17. Rxf3 Bf6 18. c3 Nd7 19. Qf2 Bg7 20. Rh3 Qd8 21. Nf3 h6
22. Rd1 Qe7 23. Bd4 Rad8 24. Qe3 Nf6 25. Re1 Nd5 26. Qc1 Bxd4+ 27. Nxd4 Kg7 28.
f5 g5 29. fxe6 fxe6 30. Nxe6+ Kg8 31. Nxd8 Qxd8 32. Rxh6 Nf4 33. Qc2 Re8 34.
Rxe8+ 1-0

[Event "DEM U12 2012"]
[Site "Oberhof GER"]
[Date "2012.06.02"]
[Round "11"]
[White "Martin, Julian"]
[Black "Kololli, Kevin"]
[Result "1-0"]
[Termination "normal"]
[Board "9"]
[WhiteElo "1627"]
[BlackElo "1767"]
[PlyCount "105"]
[WhiteFideId "12941000"]
[BlackFideId "12936863"]
[EventCountry "GER"]
[EventRounds "11"]
[EventType "swiss"]
[EventDate "2012.05.26"]

1. e4 e5 2. Nf3 Nc6 3. Bb5 Nf6 4. d4 Nxe4 5. O-O Be7 6. dxe5 d5 7. Nd4 Bd7 8.
Bxc6 bxc6 9. f3 Ng5 10. f4 Ne4 11. c3 O-O 12. Be3 c5 13. Nf3 Bf5 14. Nbd2 Nxd2
15. Qxd2 Qd7 16. Rad1 Rfd8 17. Qf2 Qc6 18. Nh4 Bxh4 19. Qxh4 Rab8 20. Rd2 d4
21. cxd4 Qe4 22. Qf2 Be6 23. a3 cxd4 24. Rxd4 Rxd4 25. Bxd4 a6 26. Bc3 Rd8 27.
f5 Bc4 28. Re1 Qc6 29. Qg3 g6 30. Qg5 Re8 31. f6 Qc5+ 32. Kh1 Kh8 33. Bb4 Qf2
34. Bc3 Bd5 35. h4 Be6 36. Rc1 Qf5 37. Qxf5 Bxf5 38. Bd4 Rc8 39. Rc6 Be6 40.
Rxa6 c5 41. Bc3 h6 42. a4 Kh7 43. a5 g5 44. hxg5 hxg5 45. Rd6 Kg6 46. Rd1 c4
47. a6 Ra8 48. Ra1 Rc8 49. a7 Bd5 50. Ra5 Ba8 51. Rb5 Rg8 52. Rc5 Kh5 53. Kh2
1-0

[Event "DEM U12 2012"]
[Site "Oberhof GER"]
[Date "2012.06.02"]
[Round "11"]
[White "Schröder, Kevin"]
[Black "Schnabel, Bennett"]
[Result "1-0"]
[Termination "normal"]
[Board "10"]
[WhiteElo "2036"]
[BlackElo "1693"]
[PlyCount "65"]
[WhiteFideId "12929840"]
[BlackFideId "12943290"]
[EventCountry "GER"]
[EventRounds "11"]
[EventType "swiss"]
[EventDate "2012.05.26"]

1. d4 d5 2. c4 e6 3. Nf3 Nf6 4. g3 Be7 5. Bg2 O-O 6. O-O Nbd7 7. Qc2 c6 8. Nbd2
Re8 9. e4 dxe4 10. Nxe4 Nxe4 11. Qxe4 Nf6 12. Qe2 Bd7 13. Rd1 Qc7 14. Ne5 Rad8
15. g4 Rf8 16. g5 Ne8 17. Bf4 Qc8 18. Rd3 f6 19. Nxd7 Qxd7 20. Bh3 f5 21. Re1
Bd6 22. Bxd6 Nxd6 23. Qxe6+ Qxe6 24. Rxe6 Nxc4 25. Re7 Nxb2 26. Rb3 Nc4 27.
Rbxb7 Rfe8 28. Rxg7+ Kh8 29. Rxh7+ Kg8 30. Rbg7+ Kf8 31. Bxf5 Re1+ 32. Kg2 Nd6
33. Bc2 1-0

[Event "DEM U12 2012"]
[Site "Oberhof GER"]
[Date "2012.06.02"]
[Round "11"]
[White "Burg, Niclas"]
[Black "Sieber, Fiona"]
[Result "0-1"]
[Termination "normal"]
[Board "11"]
[WhiteElo "1614"]
[BlackElo "1771"]
[PlyCount "104"]
[WhiteFideId "1271968"]
[BlackFideId "12902373"]
[EventCountry "GER"]
[EventRounds "11"]
[EventType "swiss"]
[EventDate "2012.05.26"]

1. e4 c5 2. Nf3 d6 3. d4 cxd4 4. Nxd4 Nf6 5. Nc3 Nc6 6. Be3 e5 7. Nb3 Be7 8.
Qd2 O-O 9. f3 Be6 10. g4 a5 11. Bb5 Na7 12. Be2 Nc8 13. h4 Nb6 14. h5 Nc4 15.
Bxc4 Bxc4 16. g5 Nd7 17. O-O-O a4 18. Na1 Be6 19. g6 Nb6 20. Qh2 h6 21. Rdg1 f5
22. exf5 Rxf5 23. f4 Nc4 24. Nd1 Nxe3 25. Nxe3 Rxf4 26. Qg2 Bg5 27. Kb1 Qd7 28.
c4 Raf8 29. Nac2 Rf2 30. Qe4 R8f4 31. Qd3 R4f3 32. Rf1 Rxf1+ 33. Rxf1 Rh3 34.
Qe4 Rh4 35. Qg2 Qc6 36. Nd5 Qxc4 37. Qf2 Bf4 38. Nde3 Qxa2+ 39. Kc1 Bxe3+ 40.
Qxe3 Qc4 41. Rf2 Rf4 42. Rd2 Bg4 43. Kb1 Rf1+ 44. Ne1 Bf5+ 45. Ka1 Qc1+ 46. Ka2
Rxe1 47. Qxe1 Qxe1 48. Rxd6 Qb1+ 49. Ka3 Qa1+ 50. Kb4 Qxb2+ 51. Kxa4 b5+ 52.
Ka5 Qa3+ 0-1

[Event "DEM U12 2012"]
[Site "Oberhof GER"]
[Date "2012.06.02"]
[Round "11"]
[White "Muckle, Julius"]
[Black "Buckels, Valentin"]
[Result "0-1"]
[Termination "normal"]
[Board "12"]
[WhiteElo "1541"]
[BlackElo "1805"]
[PlyCount "72"]
[WhiteFideId "12942430"]
[BlackFideId "12942766"]
[EventCountry "GER"]
[EventRounds "11"]
[EventType "swiss"]
[EventDate "2012.05.26"]

1. d4 d5 2. c4 e6 3. Nc3 Nf6 4. e3 Nbd7 5. Be2 dxc4 6. Bxc4 a6 7. Nf3 b5 8. Bd3
Bb7 9. O-O c5 10. b3 Be7 11. Bb2 O-O 12. Rc1 Rc8 13. Nb1 cxd4 14. Rxc8 Qxc8 15.
Bxd4 Nc5 16. Ng5 h6 17. Bxf6 Bxf6 18. Nh7 Rd8 19. Nxf6+ gxf6 20. Qg4+ Kh8 21.
Bc2 Rg8 22. Qd1 Rxg2+ 23. Kh1 Rxf2+ 24. e4 Rxc2 25. Nd2 Nxe4 26. Nf3 Nf2+ 27.
Rxf2 Rc1 28. Qxc1 Qxc1+ 29. Kg2 Qe3 30. Kg3 h5 31. h4 f5 32. Rf1 f4+ 33. Kg2
Qe2+ 34. Rf2 Bxf3+ 35. Kg1 Qe1+ 36. Kh2 Qh1# 0-1

[Event "DEM U12 2012"]
[Site "Oberhof GER"]
[Date "2012.06.02"]
[Round "11"]
[White "Rätzke von Stoyentin, Steffen"]
[Black "Spitzl, Vinzent"]
[Result "1-0"]
[Termination "normal"]
[Board "13"]
[WhiteElo "1741"]
[BlackElo "1725"]
[PlyCount "115"]
[WhiteFideId "12907502"]
[BlackFideId "12901253"]
[EventCountry "GER"]
[EventRounds "11"]
[EventType "swiss"]
[EventDate "2012.05.26"]

1. d4 d5 2. Nf3 c6 3. e3 e6 4. Bd3 Nf6 5. c3 Nbd7 6. Nbd2 Bd6 7. O-O O-O 8. e4
dxe4 9. Nxe4 Nxe4 10. Bxe4 Nf6 11. Bc2 c5 12. Qd3 h6 13. Nd2 g6 14. Ne4 Nxe4
15. Qxe4 f5 16. Qe2 cxd4 17. cxd4 Qf6 18. Qe3 f4 19. Qd3 Kg7 20. g3 fxg3 21.
fxg3 Qxf1+ 22. Qxf1 Rxf1+ 23. Kxf1 e5 24. Be3 Bg4 25. Re1 Rf8+ 26. Kg1 Re8 27.
dxe5 Bxe5 28. Bxa7 Kh7 29. Kg2 Bd7 30. b3 Bc6+ 31. Kf1 Bb5+ 32. Kf2 Rf8+ 33.
Kg2 Re8 34. Kf2 Bc6 35. Kg1 Kg7 36. Rxe5 Rxe5 37. Bd4 Kf6 38. Bxe5+ Kxe5 39.
Bxg6 Kd4 40. Bf7 Kc3 41. g4 Bf3 42. h3 Kb2 43. Kf2 Be4 44. a4 Bc2 45. h4 Bxb3
46. Bxb3 Kxb3 47. g5 hxg5 48. hxg5 Kxa4 49. g6 b5 50. g7 b4 51. g8=Q Ka3 52.
Qg6 Kb2 53. Ke2 b3 54. Kd2 Ka1 55. Qa6+ Kb2 56. Qa5 Kb1 57. Kc3 b2 58. Qb4 1-0

[Event "DEM U12 2012"]
[Site "Oberhof GER"]
[Date "2012.06.02"]
[Round "11"]
[White "Reuker, Jari"]
[Black "Kreyssig, Bruno"]
[Result "1-0"]
[Termination "normal"]
[Board "15"]
[WhiteElo "1771"]
[BlackElo "1741"]
[PlyCount "71"]
[WhiteFideId "12909300"]
[BlackFideId "4692489"]
[EventCountry "GER"]
[EventRounds "11"]
[EventType "swiss"]
[EventDate "2012.05.26"]

1. e4 c5 2. Nf3 Nc6 3. d4 cxd4 4. Nxd4 Nf6 5. Nc3 d6 6. g3 e5 7. Nde2 Be7 8.
Bg2 Be6 9. O-O O-O 10. h3 a6 11. a4 Nb4 12. Nd5 Nbxd5 13. exd5 Bf5 14. b3 Qc8
15. Be3 Qxc2 16. Rc1 Qxd1 17. Rfxd1 Rac8 18. Nc3 Rfd8 19. g4 Bg6 20. a5 Nd7 21.
Ne4 f5 22. Nc3 f4 23. Bb6 Nxb6 24. axb6 Rf8 25. f3 Bd8 26. Na4 Rxc1 27. Rxc1
Bf7 28. Rd1 Bh4 29. Bf1 Rc8 30. Bc4 Be8 31. Rc1 Be1 32. Rxe1 Bxa4 33. Bxa6 Bxb3
34. Bxb7 Rb8 35. Rc1 Kf7 36. Rc8 1-0

[Event "DEM U12 2012"]
[Site "Oberhof GER"]
[Date "2012.06.02"]
[Round "11"]
[White "Piskaykin, Bogdan"]
[Black "Baberz, Alexander"]
[Result "0-1"]
[Termination "normal"]
[Board "16"]
[WhiteElo "1560"]
[BlackElo "1815"]
[PlyCount "96"]
[WhiteFideId "12941212"]
[BlackFideId "12921734"]
[EventCountry "GER"]
[EventRounds "11"]
[EventType "swiss"]
[EventDate "2012.05.26"]

1. e4 c5 2. Nf3 d6 3. Bb5+ Bd7 4. a4 Nc6 5. O-O Nf6 6. Re1 e6 7. d3 Be7 8. h3
O-O 9. Nbd2 d5 10. exd5 exd5 11. c4 d4 12. Ne5 Nxe5 13. Rxe5 Bd6 14. Re1 Be6
15. a5 a6 16. Ba4 Qxa5 17. Ra3 Qc7 18. Nf3 h6 19. Bd2 Rfb8 20. Qc1 Kh7 21. Bc2
b6 22. Kh1 Qb7 23. Re4 Nxe4 24. dxe4 Bf8 25. e5+ g6 26. Qb1 Bxc4 27. Qd1 d3 28.
Bxd3 Bxd3 29. Rxd3 Rd8 30. Qe2 Rxd3 31. Qxd3 b5 32. h4 c4 33. Qc2 Qd7 34. Qe4
Rd8 35. h5 Qf5 36. hxg6+ Qxg6 37. Qh4 Rd3 38. Bf4 c3 39. bxc3 Rxc3 40. Bd2 Rd3
41. e6 f6 42. Bxh6 Qxh6 43. Qxh6+ Kxh6 44. Nh4 Kg5 45. g3 b4 46. f4+ Kg4 47. e7
Bxe7 48. Ng2 Kxg3 0-1

[Event "DEM U12 2012"]
[Site "Oberhof GER"]
[Date "2012.06.02"]
[Round "11"]
[White "Nothnagel, Marian Can"]
[Black "Herbrig, Alexander"]
[Result "1/2-1/2"]
[Termination "normal"]
[Board "17"]
[WhiteElo "1723"]
[BlackElo "1662"]
[PlyCount "59"]
[WhiteFideId "12921530"]
[BlackFideId "12952044"]
[EventCountry "GER"]
[EventRounds "11"]
[EventType "swiss"]
[EventDate "2012.05.26"]

1. e4 c5 2. Nc3 Nc6 3. Bb5 Nd4 4. Bc4 g6 5. Nf3 e6 6. O-O Bg7 7. Nxd4 cxd4 8.
Ne2 a6 9. d3 Ne7 10. Qe1 Nc6 11. Bd2 O-O 12. f4 b5 13. Bb3 a5 14. a4 b4 15. f5
Ba6 16. Qg3 Bc8 17. Bg5 f6 18. Bd2 g5 19. Qh3 Qe7 20. Ng3 Rb8 21. fxe6 dxe6 22.
Nf5 Qd7 23. Nxg7 Kxg7 24. Qg3 h6 25. h4 Qe7 26. e5 f5 27. hxg5 h5 28. Bf4 Kg6
29. Kf2 Rh8 30. Rh1 1/2-1/2

[Event "DEM U12 2012"]
[Site "Oberhof GER"]
[Date "2012.06.02"]
[Round "11"]
[White "Peter, Anton"]
[Black "Nguyen, Huy Dat"]
[Result "1/2-1/2"]
[Termination "normal"]
[Board "18"]
[WhiteElo "1739"]
[BlackElo "1764"]
[PlyCount "44"]
[WhiteFideId "12901660"]
[BlackFideId "12923486"]
[EventCountry "GER"]
[EventRounds "11"]
[EventType "swiss"]
[EventDate "2012.05.26"]

1. Nf3 Nf6 2. c4 g6 3. Nc3 Bg7 4. e4 d6 5. d4 O-O 6. Be2 e5 7. dxe5 dxe5 8.
Qxd8 Rxd8 9. Nd5 Nxd5 10. cxd5 c6 11. Bc4 cxd5 12. Bxd5 Nc6 13. Bg5 Re8 14.
O-O-O Bg4 15. Be3 Rac8 16. Kb1 b6 17. a3 Ne7 18. Bb3 h6 19. h3 Bxf3 20. gxf3
Red8 21. f4 exf4 22. Bxf4 Nc6 1/2-1/2

[Event "DEM U12 2012"]
[Site "Oberhof GER"]
[Date "2012.06.02"]
[Round "11"]
[White "Savchenko, Daniel"]
[Black "Rogozenco, Teodora"]
[Result "1-0"]
[Termination "normal"]
[Board "19"]
[WhiteElo "1628"]
[BlackElo "1651"]
[PlyCount "71"]
[WhiteFideId "12919195"]
[BlackFideId "12938084"]
[EventCountry "GER"]
[EventRounds "11"]
[EventType "swiss"]
[EventDate "2012.05.26"]

1. e4 d6 2. d4 Nf6 3. Nc3 e5 4. Nf3 Nbd7 5. Be2 Be7 6. g4 h6 7. Rg1 exd4 8.
Nxd4 Nc5 9. f3 g6 10. Be3 Be6 11. Qd2 Bf8 12. O-O-O Qd7 13. b4 Na6 14. Bb5 c6
15. Nxc6 bxc6 16. Bxa6 Bg7 17. h4 Rb8 18. a3 Kf8 19. Qxd6+ Qxd6 20. Rxd6 Nxg4
21. fxg4 Bxc3 22. Rxc6 Be5 23. Bc5+ Ke8 24. Bd6 Bxd6 25. Rxd6 Ke7 26. Rd2 Rb6
27. Be2 Rc6 28. Kb2 Rhc8 29. Rc1 Rc3 30. Rd3 Rxd3 31. cxd3 Rxc1 32. Kxc1 Kd6
33. d4 f5 34. gxf5 gxf5 35. exf5 Bxf5 36. Bf3 1-0

[Event "DEM U12 2012"]
[Site "Oberhof GER"]
[Date "2012.06.02"]
[Round "11"]
[White "Hoppe, Andreas"]
[Black "Laubrock, Paul"]
[Result "0-1"]
[Termination "normal"]
[Board "20"]
[WhiteElo "1743"]
[BlackElo "1648"]
[PlyCount "22"]
[WhiteFideId "12922811"]
[BlackFideId "1270509"]
[EventCountry "GER"]
[EventRounds "11"]
[EventType "swiss"]
[EventDate "2012.05.26"]

1. e4 c5 2. Nf3 Nc6 3. d4 cxd4 4. Nxd4 Nf6 5. Nc3 e6 6. f3 Bb4 7. Be3 d5 8.
exd5 Nxd5 9. Nxc6 bxc6 10. Bd2 Nxc3 11. Bxc3 Bxc3+ 0-1

[Event "DEM U12 2012"]
[Site "Oberhof GER"]
[Date "2012.06.02"]
[Round "11"]
[White "Junk, Phillip"]
[Black "Greßmann, Moritz"]
[Result "1/2-1/2"]
[Termination "normal"]
[Board "21"]
[WhiteElo "1443"]
[BlackElo "1821"]
[PlyCount "50"]
[WhiteFideId "12952095"]
[BlackFideId "24695084"]
[EventCountry "GER"]
[EventRounds "11"]
[EventType "swiss"]
[EventDate "2012.05.26"]

1. e4 b6 2. d4 Bb7 3. Nc3 e6 4. Nf3 Nf6 5. Bg5 Be7 6. e5 Nd5 7. Bxe7 Qxe7 8.
Nxd5 exd5 9. Bd3 Qb4+ 10. Qd2 Qxb2 11. O-O Qa3 12. Ng5 h6 13. Nh3 Nc6 14. c3
O-O-O 15. f4 Qe7 16. f5 Rdg8 17. Qe2 Qa3 18. Rfc1 Re8 19. Nf4 Qa5 20. Qg4 Rhg8
21. e6 dxe6 22. fxe6 fxe6 23. Nxe6 Kb8 24. Bh7 Rh8 25. Qxg7 Rc8 1/2-1/2

[Event "DEM U12 2012"]
[Site "Oberhof GER"]
[Date "2012.06.02"]
[Round "11"]
[White "Kololli, Martin"]
[Black "Sanati, Charlotte"]
[Result "1-0"]
[Termination "normal"]
[Board "22"]
[WhiteElo "1739"]
[BlackElo "1644"]
[PlyCount "109"]
[WhiteFideId "12936910"]
[BlackFideId "12907707"]
[EventCountry "GER"]
[EventRounds "11"]
[EventType "swiss"]
[EventDate "2012.05.26"]

1. e4 e5 2. Nf3 Nc6 3. Bc4 Bc5 4. c3 Nf6 5. d4 exd4 6. cxd4 Bb4+ 7. Bd2 Bxd2+
8. Nbxd2 d5 9. exd5 Nxd5 10. O-O O-O 11. Nb3 a6 12. Ne5 Nxe5 13. dxe5 Nb6 14.
Bd3 Qe7 15. Qc2 h6 16. f4 Nd5 17. Qe2 f5 18. Kh1 b5 19. Rac1 Qf7 20. Nd4 Re8
21. Rc5 Nb6 22. Rfc1 Nd5 23. Qd2 Be6 24. Nxe6 Qxe6 25. Bxf5 Qxf5 26. Qxd5+ Kh8
27. Qf3 Rad8 28. g4 Qe6 29. b3 Rd2 30. Rc6 Qd7 31. Rxc7 Qd4 32. Rc8 Rxc8 33.
Rxc8+ Kh7 34. Rc3 Rf2 35. Qd3+ Qxd3 36. Rxd3 Rxf4 37. Re3 Rf8 38. Kg2 Kg6 39.
Kg3 Rf7 40. h4 Re7 41. b4 Kf7 42. Kf4 Ke6 43. Rd3 Kf7 44. Rd6 Ra7 45. Kf5 a5
46. e6+ Ke8 47. Rd7 Ra6 48. Rxg7 axb4 49. Kf6 Kd8 50. Rb7 Rxa2 51. e7+ Kc8 52.
e8=Q+ Kxb7 53. Qxb5+ Ka7 54. Qd7+ Kb8 55. Qe8+ 1-0

[Event "DEM U12 2012"]
[Site "Oberhof GER"]
[Date "2012.06.02"]
[Round "11"]
[White "Hartmann, Martin"]
[Black "Vuckovic, Zarko"]
[Result "0-1"]
[Termination "normal"]
[Board "23"]
[WhiteElo "1728"]
[BlackElo "1458"]
[PlyCount "128"]
[WhiteFideId "12911925"]
[BlackFideId "12952087"]
[EventCountry "GER"]
[EventRounds "11"]
[EventType "swiss"]
[EventDate "2012.05.26"]

1. e4 e6 2. d4 d5 3. exd5 exd5 4. Nf3 Bd6 5. c4 dxc4 6. Bxc4 Ne7 7. O-O O-O 8.
Nc3 Nbc6 9. Bg5 Na5 10. Bd3 f6 11. Be3 Bf5 12. Bxf5 Nxf5 13. Qd3 Nxe3 14. fxe3
Nc6 15. a3 Re8 16. Rfe1 Kh8 17. Rad1 Qd7 18. e4 Rad8 19. Qe3 Qg4 20. d5 Ne5 21.
Nxe5 Bxe5 22. Qxa7 b6 23. Qa4 Qh4 24. h3 Qg3 25. Ne2 Qe3+ 26. Kh1 Bxb2 27. Qc2
Bxa3 28. Qxc7 Bb4 29. Nc3 Qxc3 30. Qxb6 Qxe1+ 31. Rxe1 Bxe1 32. Qb1 Bg3 33. Qd3
Be5 34. Kg1 Re7 35. Kf2 Rde8 36. d6 Rd7 37. Qb5 Red8 38. Kf3 Rxd6 39. Ke3 Rd3+
40. Qxd3 Rxd3+ 41. Kxd3 Bg3 42. Ke3 h5 43. Kf3 h4 44. Kg4 g6 45. Kf3 Kg7 46.
Ke3 Kf7 47. Kd3 Ke6 48. Kd4 g5 49. Kd3 Ke5 50. Ke3 Bf4+ 51. Kf3 Kd4 52. Ke2
Kxe4 53. Kf2 Bg3+ 54. Ke2 Kf4 55. Kf1 Bh2 56. Kf2 f5 57. g3+ Bxg3+ 58. Kg2 g4
59. hxg4 fxg4 60. Kh1 Be1 61. Kg2 Ba5 62. Kf2 h3 63. Kf1 g3 64. Kg1 g2 0-1

[Event "DEM U12 2012"]
[Site "Oberhof GER"]
[Date "2012.06.02"]
[Round "11"]
[White "Abbasov, Amil"]
[Black "Diener, Carolin Valeria"]
[Result "1-0"]
[Termination "normal"]
[Board "24"]
[WhiteElo "1716"]
[BlackElo "1745"]
[PlyCount "141"]
[WhiteFideId "12930300"]
[BlackFideId "24699063"]
[EventCountry "GER"]
[EventRounds "11"]
[EventType "swiss"]
[EventDate "2012.05.26"]

1. e4 e5 2. Nf3 Nc6 3. Bc4 Nf6 4. d4 exd4 5. O-O Nxe4 6. Re1 d5 7. Bxd5 Qxd5 8.
Nc3 Qh5 9. Nxe4 Be6 10. Neg5 O-O-O 11. Nxe6 fxe6 12. Rxe6 Bd6 13. Bd2 Qf5 14.
Re1 h6 15. Nh4 Qf6 16. Qg4+ Kb8 17. Re6 Qf7 18. Qf5 Qg8 19. Rae1 g5 20. Nf3 Rf8
21. Qg6 Qxg6 22. Rxg6 Rfg8 23. Ree6 g4 24. Rxg8+ Rxg8 25. Nh4 Nb4 26. Rxd6 cxd6
27. Bxb4 Rc8 28. c3 d3 29. Kf1 Re8 30. c4 Re2 31. Bc3 Rc2 32. Ke1 Re2+ 33. Kf1
Rc2 34. Ke1 Re2+ 35. Kf1 Rc2 36. f3 Kc7 37. fxg4 Kc6 38. Nf5 Kc5 39. Ne3 Re2
40. b4+ Kc6 41. Nd1 Re4 42. Nb2 Rxg4 43. c5 dxc5 44. Nxd3 Rh4 45. Nxc5 Rxh2 46.
Ne6 Rh1+ 47. Kf2 Rc1 48. Nd4+ Kd5 49. Ne2 Rc2 50. Bg7 h5 51. Kf3 Kc4 52. a3 Ra2
53. Bf8 Rxa3+ 54. Kf4 Ra2 55. Kf3 Ra6 56. Kg3 Rf6 57. Bc5 b6 58. Bg1 Rg6+ 59.
Kh3 Kxb4 60. Nf4 Rg5 61. Be3 Re5 62. Nd3+ Ka4 63. Nxe5 Kb5 64. Kh4 a5 65. Kxh5
a4 66. g4 a3 67. Bxb6 Kxb6 68. Nc4+ Kc7 69. Nxa3 Kd8 70. Kh6 Ke8 71. g5 1-0

[Event "DEM U12 2012"]
[Site "Oberhof GER"]
[Date "2012.06.02"]
[Round "11"]
[White "Zienert, Richard"]
[Black "Denkert, Anna"]
[Result "1-0"]
[Termination "normal"]
[Board "26"]
[WhiteElo "1649"]
[BlackElo "1519"]
[PlyCount "39"]
[WhiteFideId "12945986"]
[BlackFideId "12938122"]
[EventCountry "GER"]
[EventRounds "11"]
[EventType "swiss"]
[EventDate "2012.05.26"]

1. e4 e6 2. d4 d5 3. Nc3 dxe4 4. Nxe4 Nd7 5. Nf3 Ngf6 6. Nxf6+ Nxf6 7. Bd3 Bd6
8. Qe2 O-O 9. Bd2 c5 10. O-O-O cxd4 11. Nxd4 Bxh2 12. Rxh2 Qxd4 13. Bg5 Qb4 14.
Rh4 Qa5 15. Bxf6 gxf6 16. Bxh7+ Kg7 17. Rg4+ Qg5+ 18. f4 e5 19. fxg5 Bxg4 20.
gxf6+ 1-0